[Event "Arco op 46th"]
[Site "Arco"]
[Date "2024.10.08"]
[Round "4"]
[White "Lombardo, Filippo"]
[Black "Cecchetto, Michele"]
[Result "1-0"]
[WhiteElo "1953"]
[BlackElo "1799"]
[PlyCount "39"]
[EventDate "2024.10.05"]
[EventType "swiss"]
[EventRounds "9"]
[EventCountry "ITA"]
[SourceTitle "CB44_2024"]
[Source "Chessbase"]
[SourceDate "2024.10.30"]
[SourceVersion "1"]
[SourceVersionDate "2024.10.30"]
[SourceQuality "1"]

1. f4 d6 2. Nf3 g6 3. e4 Nf6 4. e5 dxe5 5. fxe5 Nd5 6. c4 Nb6 7. d4 Bg4 8. Be3 Bg7 9. Be2 e6 10. 0-0 0-0 11. Nc3 Nc6 12. Qd2 Ne7 13. h3 Bxf3 14. Rxf3 Nf5 15. Raf1 c6 16. Ne4 Qe7 17. Bg5 Qd7 18. Rxf5 exf5 19. Nf6+ Bxf6 20. Bxf6 1-0